[Event "AUT-ch U10 Girls"]
[Site "Woerth"]
[Date "2015.06.06"]
[Round "5.3"]
[White "Peraus, Leonie"]
[Black "Pichler, Nola"]
[Result "1-0"]
[WhiteElo "878"]
[BlackElo "1077"]
[PlyCount "81"]
[EventDate "2015.06.05"]
[EventType "swiss"]
[EventRounds "7"]
[EventCountry "AUT"]
[SourceTitle "EXT 2024"]
[Source "ChessBase"]
[SourceDate "2023.10.10"]
[SourceVersion "1"]
[SourceVersionDate "2023.10.10"]
[SourceQuality "1"]

1. e4 e5 2. Nf3 Nc6 3. Bc4 Nf6 4. d3 Be7 5. Nc3 d6 6. h3 0-0 7. 0-0 Re8 8. Ng5 Rf8 9. Nf3 h6 10. a3 Re8 11. Be3 Bf8 12. b4 a6 13. Nd5 Be6 14. Nxf6+ Qxf6 15. Bxe6 Rxe6 16. c3 g6 17. Bd2 Nd8 18. d4 exd4 19. cxd4 Rxe4 20. Be3 Ne6 21. Qd3 d5 22. Nd2 Nf4 23. Bxf4 Rxf4 24. Nf3 Re8 25. Rae1 Rxe1 26. Rxe1 b6 27. Qxa6 c5 28. dxc5 d4 29. Qxb6 d3 30. Qxf6 Rxf6 31. b5 Bxc5 32. a4 Rd6 33. Rd1 Rd5 34. Kf1 Bb4 35. Ne1 d2 36. Nf3 f5 37. Ke2 g5 38. Nxd2 Bxd2 39. Rxd2 Rxd2+ 40. Kxd2 Kf7 41. b6 1-0